000 00459nam a2200181Ia 4500
005 20250609161531.0
008 008 250505s9999 xx 000 0 eng d
020 _a9789350355237
040 _beng
_cILCL
041 _aeng
_2eng
084 _aZ2,94 Q7
100 _aBhat, U L
245 0 _aLectures on the Indian Evidence Act
250 _a1
260 _aDelhi
_bLexis Nexis
_c2015
300 _alxxvi,360p.
942 _cTB
_2Colon Classification
999 _c1311909
_d1311909